Datum a čas kvízu

23.5 Celkem bodů Celkový počet nahraných bodů na tomto kvízu bez doplňovacích otázek.
8. Pořadí na kvízu Konečné umístění týmu na tomto kvízu.

Zaznamenané odpovědi

# Otázka Odpověď Body Výsledky
1. Které parlamentní straně vyšly... KDU-ČSL 0
2. Kterou památnou moskevskou bud... mauzoleum (V. I. Lenina) 0
3. Od středy do soboty se konal f... OneRepublic, Macklemore 1
4. V pondělí byl ministrem životn... po babičce 0
5. V neděli skončil, tradičně na... Jonas Vingegaard 1
6. Téma věnované Nobelově ceně a... prosince 0
7. Zobrazený muž je nejspíš první... Jaroslav Vrchlický 0
8. Spojte jména laureátů s obory,... 1C 2D 3B 4A 0
9. Nobelovu cenu za mír mohou obd... Lékaři bez hranic 0
10. Některé oceněné objevy jsou, z... lobotomie 0